00627 a2200217 4500502002400000260001500024653001400039100002600053041000700079260003100086300001100117245005800128300002900186260002000215130000700235040001400242041000700256653003900263100008900302020001800391 aThèse de Doctorat aWageningen1 aAgronomie aKRAB-HÜSKEN, Leonie bEn bUniversité de Wageningen a144 p. aProduction of catechols : microbiology and technology bIll., Couv. ill. ; 24 cm c25 Octobre 2002 lEn aSupport  bEn 1aNutrition et Sciences Alimentaires uAbomey-Calavi, Université d'Abomey-Calavi, Faculté des Sciences Agronomiques, Bj a90-5808-678-X